000 00558nam a2200217Ia 4500
005 20250508164715.0
008 008 250505s9999 xx 000 0 hin d
020 _a81-7028-159-8
037 _aTextual
040 _aFEDL
_beng
_cFEDL
041 _ahin
_2hin
084 _a530.092, SHA
_qFEDL
100 _aSharma Vishvamitra
_9778923
245 0 _aNewton
260 _aDelhi, India
_bRajpal and Sons
_c1993
300 _a50p.
365 _aINR
_b20
546 _aMACESE
942 _cTEXL
_h530.092, SHA
999 _c1390674
_d1390674